[Event "Toronto int."]
[Site "Toronto CAN"]
[Date "2012.07.17"]
[Round "4"]
[White "Noritsyn, Nikolay"]
[Black "Panjwani, Raja"]
[Result "1-0"]
[WhiteElo "2460"]
[BlackElo "2392"]
[PlyCount "105"]
[GameId "2160767909442448"]
[EventDate "2012.07.15"]
[EventType "swiss"]
[EventRounds "7"]
[EventCountry "CAN"]
[SourceTitle "EXT 2022"]
[Source "ChessBase"]
[SourceDate "2021.10.06"]
[SourceVersion "1"]
[SourceVersionDate "2021.10.06"]
[SourceQuality "1"]

1. e4 c5 2. Nf3 d6 3. c3 Nf6 4. h3 Nbd7 5. Bd3 b6 6. O-O Bb7 7. Qe2 e6 8. Bc2 Be7 9. d3 O-O 10. Nbd2 Qc7 11. Re1 a6 12. Nf1 Rac8 13. Bg5 Rfe8 14. Rad1 Ne5 15. N3h2 Ng6 16. Bb1 Nd5 17. h4 Ndf4 18. Qf3 e5 19. Bxe7 Nxe7 20. g3 Ne6 21. Ne3 Rcd8 22. Qh5 b5 23. Nf3 f6 24. d4 g6 25. Qh6 Kh8 26. Ng4 Ng8 27. Qe3 exd4 28. cxd4 f5 29. Ngh2 fxe4 30. Bxe4 Ng7 31. d5 Nf6 32. Qd3 Re7 33. Re3 Rde8 34. Nd2 Qa5 35. a3 Bc8 36. Bg2 Bf5 37. Qe2 Rxe3 38. fxe3 Qa4 39. b3 Qxa3 40. g4 Bc2 41. Rf1 Nd7 42. Nhf3 h6 43. e4 c4 44. Qe3 Qc5 45. Nd4 Ne5 46. Nxc2 c3 47. Nf3 Nxg4 48. Qxc5 dxc5 49. d6 b4 50. e5 c4 51. Ncd4 cxb3 52. Nxb3 Ne6 53. Bh3 1-0

[Event "Toronto int."]
[Site "Toronto CAN"]
[Date "2012.07.17"]
[Round "4"]
[White "Plotkin, Victor"]
[Black "Calugar, Arthur"]
[Result "1/2-1/2"]
[WhiteElo "2411"]
[BlackElo "2404"]
[PlyCount "93"]
[GameId "2160767909442449"]
[EventDate "2012.07.15"]
[EventType "swiss"]
[EventRounds "7"]
[EventCountry "CAN"]
[SourceTitle "EXT 2022"]
[Source "ChessBase"]
[SourceDate "2021.10.06"]
[SourceVersion "1"]
[SourceVersionDate "2021.10.06"]
[SourceQuality "1"]

1. e4 c5 2. c3 e6 3. d4 d5 4. exd5 exd5 5. Nf3 Nc6 6. Be3 cxd4 7. Nxd4 Bd6 8. Bb5 Nge7 9. Nd2 O-O 10. N2f3 Bg4 11. Qa4 Nxd4 12. Nxd4 a6 13. Bd3 Qc7 14. h3 Bd7 15. Qc2 f5 16. g4 g6 17. gxf5 Nxf5 18. Nxf5 Bxf5 19. O-O-O Bf4 20. h4 Rae8 21. h5 Bxe3+ 22. fxe3 Rxe3 23. hxg6 hxg6 24. Bxf5 Qf4 25. Kb1 Qxf5 26. Rxd5 Qxc2+ 27. Kxc2 Re2+ 28. Kb3 Rff2 29. Rb1 Rd2 30. Rc5 Kg7 31. a4 Rf5 32. Rc7+ Rf7 33. Rc5 Rdf2 34. Kb4 R2f5 35. Rg1 Kf6 36. Rd1 g5 37. Rxf5+ Kxf5 38. Kc5 g4 39. Kb6 g3 40. b4 Ke4 41. c4 g2 42. Rg1 Rg7 43. c5 Kd5 44. c6 bxc6 45. Kxa6 Kd6 46. b5 cxb5 47. axb5 1/2-1/2

[Event "Toronto int."]
[Site "Toronto CAN"]
[Date "2012.07.17"]
[Round "4"]
[White "Rozentalis, Eduardas"]
[Black "Gerzhoy, Leonid"]
[Result "1-0"]
[WhiteElo "2600"]
[BlackElo "2459"]
[PlyCount "129"]
[GameId "2160767909442450"]
[EventDate "2012.07.15"]
[EventType "swiss"]
[EventRounds "7"]
[EventCountry "CAN"]
[SourceTitle "EXT 2022"]
[Source "ChessBase"]
[SourceDate "2021.10.06"]
[SourceVersion "1"]
[SourceVersionDate "2021.10.06"]
[SourceQuality "1"]

1. e4 c6 2. d4 d5 3. Nd2 dxe4 4. Nxe4 Bf5 5. Ng3 Bg6 6. Nh3 Nf6 7. Bc4 e6 8. Nf4 Bd6 9. c3 Nd5 10. Nxg6 hxg6 11. Qf3 Nd7 12. Ne4 Be7 13. Bd2 N7f6 14. Ng5 Qc7 15. g3 Bd6 16. O-O-O O-O-O 17. Kb1 c5 18. Bxd5 exd5 19. dxc5 Bxc5 20. Bf4 Qd7 21. Be5 Rhe8 22. Bd4 Bxd4 23. Rxd4 Re5 24. h4 Rde8 25. Rhd1 Rf5 26. Rf4 Rxf4 27. Qxf4 Re7 28. c4 Qf5+ 29. Qxf5+ gxf5 30. cxd5 Rd7 31. f3 Nxd5 32. Rd3 f4 33. g4 f5 34. gxf5 Ne3 35. Rc3+ Kd8 36. f6 gxf6 37. Ne6+ Ke7 38. Nxf4 Rd1+ 39. Rc1 Rxc1+ 40. Kxc1 Nf5 41. h5 Nd4 42. Nd5+ Kf7 43. f4 Ne2+ 44. Kd2 Ng3 45. h6 f5 46. h7 Ne4+ 47. Ke3 Kg7 48. Ne7 Nd6 49. Kd4 Kxh7 50. Kd5 Ne4 51. Nxf5 Nf2 52. Kd4 Kg6 53. Nd6 Kh5 54. b4 b6 55. b5 Nh3 56. f5 Nf4 57. Ke4 Ne2 58. Kd5 Nc1 59. f6 Nd3 60. Ke6 Nf4+ 61. Kd7 Kg6 62. f7 Kg7 63. Ke8 Ng6 64. Nf5+ Kf6 65. Ne7 1-0

[Event "Toronto int."]
[Site "Toronto CAN"]
[Date "2012.07.17"]
[Round "4"]
[White "Sambuev, Bator"]
[Black "Preotu, Razvan"]
[Result "1/2-1/2"]
[WhiteElo "2542"]
[BlackElo "2291"]
[PlyCount "94"]
[GameId "2160767909442451"]
[EventDate "2012.07.15"]
[EventType "swiss"]
[EventRounds "7"]
[EventCountry "CAN"]
[SourceTitle "EXT 2022"]
[Source "ChessBase"]
[SourceDate "2021.10.06"]
[SourceVersion "1"]
[SourceVersionDate "2021.10.06"]
[SourceQuality "1"]

1. d4 d5 2. c4 e6 3. Nc3 Nf6 4. Bg5 Be7 5. e3 O-O 6. Nf3 h6 7. Bh4 Ne4 8. Bxe7 Qxe7 9. Rc1 c6 10. h4 Nd7 11. g4 e5 12. cxd5 Nxc3 13. Rxc3 cxd5 14. g5 h5 15. Bb5 e4 16. Bxd7 Bxd7 17. Ne5 g6 18. Rc7 Rfd8 19. Qb3 Rac8 20. Rxc8 Rxc8 21. Kd2 Be6 22. Rc1 Rxc1 23. Kxc1 Qc7+ 24. Kd1 Qa5 25. a3 Bg4+ 26. Nxg4 hxg4 27. Qxb7 Qa4+ 28. b3 Qxa3 29. Qxd5 Qa1+ 30. Ke2 Qb2+ 31. Kf1 g3 32. Qd8+ Kh7 33. Qf6 Qxb3 34. fxg3 a5 35. Kg2 Qe6 36. d5 Qxd5 37. h5 Qf5 38. hxg6+ Qxg6 39. Qe5 a4 40. Qb5 a3 41. Qb3 Qxg5 42. Qxa3 Qg4 43. Qc5 Qf3+ 44. Kh3 Kg6 45. Qd6+ f6 46. Qd5 Qxe3 47. Qg8+ Kh6 1/2-1/2

[Event "Toronto int."]
[Site "Toronto CAN"]
[Date "2012.07.17"]
[Round "4"]
[White "Samsonkin, Artiom"]
[Black "So, Wesley"]
[Result "1/2-1/2"]
[WhiteElo "2390"]
[BlackElo "2668"]
[PlyCount "53"]
[GameId "2160767909442452"]
[EventDate "2012.07.15"]
[EventType "swiss"]
[EventRounds "7"]
[EventCountry "CAN"]
[SourceTitle "EXT 2022"]
[Source "ChessBase"]
[SourceDate "2021.10.06"]
[SourceVersion "1"]
[SourceVersionDate "2021.10.06"]
[SourceQuality "1"]

1. e4 e5 2. f4 exf4 3. Nf3 g5 4. h4 g4 5. Ne5 Qe7 6. Nxg4 f5 7. Nf2 fxe4 8. Qh5+ Kd8 9. Nc3 Nf6 10. Qg5 Rg8 11. Qxf4 d5 12. g4 Nc6 13. Be2 Nd4 14. g5 Nxe2 15. Nxe2 Nh5 16. Qe3 Bf5 17. d3 exd3 18. Nxd3 Bg7 19. Qxe7+ Kxe7 20. Ndf4 Nxf4 21. Bxf4 Bg4 22. Rg1 Bxe2 23. Kxe2 Rgf8 24. Rgf1 Kd7 25. Be3 d4 26. Bd2 c5 27. c4 1/2-1/2

[Event "Toronto int."]
[Site "Toronto CAN"]
[Date "2012.07.17"]
[Round "4"]
[White "Song, Michael"]
[Black "Ivanov, Mike"]
[Result "1-0"]
[WhiteElo "2319"]
[BlackElo "2257"]
[PlyCount "135"]
[GameId "2160767909442453"]
[EventDate "2012.07.15"]
[EventType "swiss"]
[EventRounds "7"]
[EventCountry "CAN"]
[SourceTitle "EXT 2022"]
[Source "ChessBase"]
[SourceDate "2021.10.06"]
[SourceVersion "1"]
[SourceVersionDate "2021.10.06"]
[SourceQuality "1"]

1. d4 Nf6 2. c4 g6 3. g3 Bg7 4. Bg2 O-O 5. Nc3 d6 6. Nf3 Nc6 7. O-O Bg4 8. h3 Bxf3 9. Bxf3 Nd7 10. e3 e5 11. Bxc6 bxc6 12. d5 cxd5 13. cxd5 f5 14. e4 f4 15. Kh2 Rb8 16. Rb1 a5 17. Bd2 Nc5 18. Qc2 Rb4 19. a3 Rb3 20. f3 fxg3+ 21. Kg2 Qb8 22. Ne2 a4 23. Nc1 Qb5 24. Bc3 Bh6 25. Nxb3 axb3 26. Qd1 Bf4 27. Be1 Nd3 28. Qe2 Qc4 29. Bc3 Bg5 30. Kxg3 Rf5 31. Rbd1 Bf4+ 32. Kg2 Rg5+ 33. Kh1 Rh5 34. Rxd3 Rxh3+ 35. Kg1 Qc5+ 36. Rf2 Rg3+ 37. Kf1 Rh3 38. Bd2 Qc2 39. Bxf4 Qb1+ 40. Qd1 Rh1+ 41. Ke2 Rxd1 42. Rxd1 Qxb2+ 43. Ke1 Qxa3 44. Bc1 Qb4+ 45. Kf1 h5 46. Kg2 Qa4 47. Bg5 Qa3 48. Rb1 Qb4 49. Rfb2 Qb5 50. Rxb3 Qe2+ 51. Kg3 h4+ 52. Bxh4 Qd2 53. Kh3 Qf4 54. Bg3 Qh6+ 55. Kg2 Qd2+ 56. Bf2 Qg5+ 57. Kf1 Qd2 58. R3b2 Qd3+ 59. Kg2 g5 60. Rc1 g4 61. Rb8+ Kg7 62. Rxc7+ Kg6 63. Rg8+ Kh6 64. Rxg4 Qe2 65. Rg3 Qd2 66. Rcg7 Qf4 67. R7g4 Qf6 68. Rh3+ 1-0

[Event "Toronto int."]
[Site "Toronto CAN"]
[Date "2012.07.17"]
[Round "4"]
[White "Yee, Lorne"]
[Black "Peng, Jackie"]
[Result "0-1"]
[WhiteElo "2282"]
[BlackElo "2172"]
[PlyCount "74"]
[GameId "2160767909442454"]
[EventDate "2012.07.15"]
[EventType "swiss"]
[EventRounds "7"]
[EventCountry "CAN"]
[SourceTitle "EXT 2022"]
[Source "ChessBase"]
[SourceDate "2021.10.06"]
[SourceVersion "1"]
[SourceVersionDate "2021.10.06"]
[SourceQuality "1"]

1. d4 Nf6 2. Bf4 g6 3. e3 Bg7 4. c4 d6 5. Nc3 Nh5 6. Bg5 O-O 7. Be2 Nf6 8. Nf3 Nbd7 9. O-O e5 10. h3 c6 11. Rc1 h6 12. Bh4 Qe8 13. b4 Nh7 14. dxe5 dxe5 15. Ne4 g5 16. Nd6 Qe6 17. Bg3 c5 18. e4 b6 19. a3 Rd8 20. Qd5 Qxd5 21. cxd5 Bf8 22. Nxc8 Rdxc8 23. Ba6 Re8 24. Bb5 Nhf6 25. Rc4 a6 26. Bc6 Rad8 27. b5 axb5 28. Bxb5 Bd6 29. Rb1 Re7 30. Nd2 Bc7 31. Ra4 Ne8 32. Nc4 Ndf6 33. f3 Nd6 34. Ra7 Kf8 35. a4 Rb8 36. Nxd6 Bxd6 37. Bc6 Rxa7 0-1

[Event "Toronto int."]
[Site "Toronto CAN"]
[Date "2012.07.18"]
[Round "5"]
[White "Calugar, Arthur"]
[Black "Birarov, Vladimir"]
[Result "1-0"]
[WhiteElo "2404"]
[BlackElo "2264"]
[PlyCount "79"]
[GameId "2160767909442455"]
[EventDate "2012.07.15"]
[EventType "swiss"]
[EventRounds "7"]
[EventCountry "CAN"]
[SourceTitle "EXT 2022"]
[Source "ChessBase"]
[SourceDate "2021.10.06"]
[SourceVersion "1"]
[SourceVersionDate "2021.10.06"]
[SourceQuality "1"]

1. Nf3 c5 2. c4 g6 3. d4 cxd4 4. Nxd4 Bg7 5. e4 Qb6 6. Nb5 a6 7. Be3 Qa5+ 8. N5c3 Nf6 9. Nd2 Nc6 10. Be2 d6 11. O-O O-O 12. Nd5 Nd7 13. Bb6 Nxb6 14. Nb3 Nxd5 15. Nxa5 Nc3 16. bxc3 Nxa5 17. Qa4 Nc6 18. Rac1 Bd7 19. Qb3 Rab8 20. Rfd1 Rfc8 21. f4 Be8 22. Qb6 Nd8 23. Qe3 Ba4 24. Rd2 Ne6 25. e5 dxe5 26. fxe5 h5 27. Rf1 Be8 28. Bf3 Kh7 29. Rb2 Bh6 30. Qe2 Nf4 31. Qe4 Bc6 32. Qb1 b5 33. Bxc6 Rxc6 34. g3 Nh3+ 35. Kg2 Ng5 36. h4 Ne6 37. Rxf7+ Kh8 38. cxb5 axb5 39. Rxb5 Rbc8 40. Rb8 1-0

[Event "Toronto int."]
[Site "Toronto CAN"]
[Date "2012.07.18"]
[Round "5"]
[White "Evans, Bill"]
[Black "Cohen, David"]
[Result "1-0"]
[WhiteElo "1993"]
[BlackElo "1904"]
[PlyCount "75"]
[GameId "2160767740551377"]
[EventDate "2012.07.15"]
[EventType "swiss"]
[EventRounds "7"]
[EventCountry "CAN"]
[TimeControl "5400+30"]

1. d4 d5 2. c4 c6 3. Nf3 Nf6 4. Nc3 e6 5. e3 Bd6 6. Bd3 Nbd7 7. O-O b6 8. e4 dxe4 9. Nxe4 Be7 10. Re1 Bb7 11. Qc2 Nxe4 12. Bxe4 Nf6 13. Bf4 Nxe4 14. Qxe4 Bf6 15. Ne5 O-O 16. Re3 Qe7 17. Rh3 g6 18. Bh6 Rfd8 19. Qf4 c5 20. dxc5 bxc5 21. Re1 Rd4 22. Qc1 Rad8 23. Rhe3 Qd6 24. h3 Rd2 25. Rb3 Rd1 26. Ng4 Rxc1 27. Nxf6+ Kh8 28. Rxc1 Qc6 29. Rg3 e5 30. Ng4 f6 31. Rf3 Qc7 32. Rxf6 Kg8 33. Re1 e4 34. Bf4 Qa5 35. Nh6+ Kh8 36. Rf8+ Kg7 37. Rf7+ Kh8 38. Be5# 1-0

[Event "Toronto int."]
[Site "Toronto CAN"]
[Date "2012.07.18"]
[Round "5"]
[White "Ivanov, Mike"]
[Black "Gerzhoy, Leonid"]
[Result "0-1"]
[WhiteElo "2257"]
[BlackElo "2459"]
[PlyCount "74"]
[GameId "2160767909442456"]
[EventDate "2012.07.15"]
[EventType "swiss"]
[EventRounds "7"]
[EventCountry "CAN"]
[SourceTitle "EXT 2022"]
[Source "ChessBase"]
[SourceDate "2021.10.06"]
[SourceVersion "1"]
[SourceVersionDate "2021.10.06"]
[SourceQuality "1"]

1. f4 Nf6 2. Nf3 d5 3. b3 g6 4. Bb2 Bg7 5. e3 O-O 6. Be2 c5 7. O-O b6 8. a4 Nc6 9. Ne5 Bb7 10. d4 Rc8 11. Nd2 e6 12. g4 cxd4 13. Nxc6 Rxc6 14. Bxd4 Qc8 15. Ra2 Ne8 16. Bxg7 Nxg7 17. Nf3 f6 18. c4 Rd6 19. Rc2 e5 20. Nh4 d4 21. fxe5 fxe5 22. Rxf8+ Qxf8 23. exd4 Rxd4 24. Rd2 Ne6 25. Rxd4 Nxd4 26. Bf1 Qc5 27. Bg2 Nxb3+ 28. Kh1 Bxg2+ 29. Nxg2 Nd4 30. Qd3 Qc6 31. h4 Qxa4 32. Qe4 Qe8 33. Ne3 Qc6 34. Nd5 Qxc4 35. Ne7+ Kg7 36. Qb7 Qf1+ 37. Kh2 Nf3+ 0-1

[Event "Toronto int."]
[Site "Toronto CAN"]
[Date "2012.07.18"]
[Round "5"]
[White "Martchenko, Alexander"]
[Black "Song, Michael"]
[Result "1/2-1/2"]
[WhiteElo "2412"]
[BlackElo "2319"]
[PlyCount "72"]
[GameId "2160767909442457"]
[EventDate "2012.07.15"]
[EventType "swiss"]
[EventRounds "7"]
[EventCountry "CAN"]
[SourceTitle "EXT 2022"]
[Source "ChessBase"]
[SourceDate "2021.10.06"]
[SourceVersion "1"]
[SourceVersionDate "2021.10.06"]
[SourceQuality "1"]

1. e4 d6 2. d4 Nf6 3. Nc3 c6 4. g3 g6 5. Bg2 Bg7 6. Nge2 O-O 7. h3 e5 8. Be3 Nbd7 9. d5 cxd5 10. Nxd5 Nxd5 11. Qxd5 Nb6 12. Qd3 Be6 13. O-O Qc7 14. Bxb6 Qxb6 15. c4 Qc5 16. b3 Rad8 17. Nc3 Kh8 18. Rad1 f5 19. exf5 gxf5 20. Nd5 Rd7 21. Qe2 Bg8 22. Kh1 b5 23. cxb5 e4 24. b4 Qxd5 25. Rxd5 Bxd5 26. g4 f4 27. Bxe4 Re7 28. f3 Bxe4 29. fxe4 d5 30. e5 Rxe5 31. Qf2 Re3 32. Qg2 f3 33. Qg3 Be5 34. Qh4 Re2 35. Qe7 Rh2+ 36. Kg1 Rg2+ 1/2-1/2

[Event "Toronto int."]
[Site "Toronto CAN"]
[Date "2012.07.18"]
[Round "5"]
[White "Noritsyn, Nikolay"]
[Black "Samsonkin, Artiom"]
[Result "1/2-1/2"]
[WhiteElo "2460"]
[BlackElo "2390"]
[PlyCount "102"]
[GameId "2160767909442458"]
[EventDate "2012.07.15"]
[EventType "swiss"]
[EventRounds "7"]
[EventCountry "CAN"]
[SourceTitle "EXT 2022"]
[Source "ChessBase"]
[SourceDate "2021.10.06"]
[SourceVersion "1"]
[SourceVersionDate "2021.10.06"]
[SourceQuality "1"]

1. c4 Nf6 2. Nc3 g6 3. g3 Bg7 4. Bg2 O-O 5. e4 d6 6. Nge2 c5 7. O-O Nc6 8. d3 a6 9. h3 Rb8 10. a4 Ne8 11. Be3 Nd4 12. Rb1 Nxe2+ 13. Nxe2 Bd7 14. d4 cxd4 15. Nxd4 Qc8 16. Kh2 Qxc4 17. b3 Qb4 18. Nc2 Qc3 19. Bd2 Qc8 20. f4 f5 21. Nb4 fxe4 22. Rc1 Qd8 23. Bxe4 Nf6 24. Bg2 a5 25. Nc2 e5 26. fxe5 dxe5 27. Bc3 Re8 28. Ne3 Bc6 29. Qxd8 Rbxd8 30. Nc4 Bxg2 31. Kxg2 Rd3 32. Rf3 Rxf3 33. Kxf3 e4+ 34. Kg2 Nd5 35. Bxa5 Bh6 36. Rd1 Ne3+ 37. Nxe3 Bxe3 38. Kf1 b6 39. Bb4 Re6 40. Rd8+ Kf7 41. Rd7+ Kf6 42. Ke2 Bc5 43. Bc3+ Kg5 44. Rxh7 Rd6 45. b4 Bg1 46. Rf7 e3 47. Be5 Rd2+ 48. Kf1 Rd1+ 49. Ke2 Rd2+ 50. Kf1 Rd1+ 51. Ke2 Rd2+ 1/2-1/2

[Event "Toronto int."]
[Site "Toronto CAN"]
[Date "2012.07.18"]
[Round "5"]
[White "Peng, Jackie"]
[Black "Sambuev, Bator"]
[Result "0-1"]
[WhiteElo "2172"]
[BlackElo "2542"]
[PlyCount "118"]
[GameId "2160767909442459"]
[EventDate "2012.07.15"]
[EventType "swiss"]
[EventRounds "7"]
[EventCountry "CAN"]
[SourceTitle "EXT 2022"]
[Source "ChessBase"]
[SourceDate "2021.10.06"]
[SourceVersion "1"]
[SourceVersionDate "2021.10.06"]
[SourceQuality "1"]

1. e4 e6 2. d4 d5 3. e5 c5 4. c3 Nc6 5. Nf3 Qb6 6. a3 Nh6 7. Bd3 cxd4 8. cxd4 Nf5 9. Bxf5 exf5 10. Nc3 Be6 11. O-O Be7 12. Na4 Qd8 13. Be3 b6 14. Ne1 Na5 15. Nd3 Qd7 16. Rc1 Nc4 17. Nf4 O-O 18. Nc3 g5 19. Nxe6 fxe6 20. h4 f4 21. Bd2 f3 22. gxf3 Nxd2 23. Qxd2 Rxf3 24. Ne2 gxh4 25. Kh2 Kh8 26. Ng1 Rb3 27. Nh3 Rf8 28. Rg1 Rbf3 29. Qh6 Bd8 30. Rg4 Qf7 31. Rcg1 b5 32. R1g2 a5 33. Qc1 b4 34. axb4 axb4 35. Qg1 h6 36. Rg7 Rxh3+ 37. Kxh3 Qf5+ 38. Kh2 Bg5 39. R7xg5 hxg5 40. Rxg5 Qxf2+ 41. Kh1 Qxg1+ 42. Kxg1 Kh7 43. Rh5+ Kg6 44. Rxh4 Rf3 45. Rh8 Kf5 46. Rf8+ Ke4 47. Re8 Rg3+ 48. Kf2 Rg6 49. Rb8 Kxd4 50. Rxb4+ Kxe5 51. Rb8 Kd4 52. b4 e5 53. Kf3 e4+ 54. Kf4 Rf6+ 55. Kg5 Rf1 56. b5 e3 57. Re8 Kd3 58. b6 Rb1 59. Kf4 e2 0-1

[Event "Toronto int."]
[Site "Toronto CAN"]
[Date "2012.07.18"]
[Round "5"]
[White "Plotkin, Victor"]
[Black "Rozentalis, Eduardas"]
[Result "1/2-1/2"]
[WhiteElo "2411"]
[BlackElo "2600"]
[PlyCount "83"]
[GameId "2160767909442460"]
[EventDate "2012.07.15"]
[EventType "swiss"]
[EventRounds "7"]
[EventCountry "CAN"]
[SourceTitle "EXT 2022"]
[Source "ChessBase"]
[SourceDate "2021.10.06"]
[SourceVersion "1"]
[SourceVersionDate "2021.10.06"]
[SourceQuality "1"]

1. e4 c6 2. d4 d5 3. exd5 cxd5 4. Nf3 Nf6 5. c4 Nc6 6. Nc3 Bg4 7. cxd5 Nxd5 8. Bc4 e6 9. O-O Nb6 10. Be2 Be7 11. h3 Bh5 12. Be3 O-O 13. Qd2 Rc8 14. Rac1 Nb4 15. g4 Bg6 16. Ne5 N4d5 17. Nxd5 Qxd5 18. Nxg6 hxg6 19. b3 Ba3 20. Rxc8 Rxc8 21. Rd1 a5 22. Bf1 Bb4 23. Qe2 Qd7 24. Bg2 Nd5 25. Rc1 Rd8 26. a4 Be7 27. Qb5 Qxb5 28. axb5 Ba3 29. Rc4 Kf8 30. Bd2 b6 31. Rc6 Rd6 32. Bxd5 exd5 33. Bf4 Rxc6 34. bxc6 Ke7 35. Bc7 b5 36. Bxa5 Kd6 37. c7 Kd7 38. Kg2 Bd6 39. Kf3 g5 40. Bd2 f6 41. Ba5 g6 42. Ke3 1/2-1/2

[Event "Toronto int."]
[Site "Toronto CAN"]
[Date "2012.07.18"]
[Round "5"]
[White "So, Wesley"]
[Black "Preotu, Razvan"]
[Result "1-0"]
[WhiteElo "2668"]
[BlackElo "2291"]
[PlyCount "69"]
[GameId "2160767909442461"]
[EventDate "2012.07.15"]
[EventType "swiss"]
[EventRounds "7"]
[EventCountry "CAN"]
[SourceTitle "EXT 2022"]
[Source "ChessBase"]
[SourceDate "2021.10.06"]
[SourceVersion "1"]
[SourceVersionDate "2021.10.06"]
[SourceQuality "1"]

1. e4 c5 2. Nf3 Nc6 3. Nc3 g6 4. d4 cxd4 5. Nxd4 Bg7 6. Be3 Nf6 7. Bc4 Qa5 8. O-O O-O 9. Bb3 d6 10. h3 Bd7 11. Nf3 Rac8 12. Re1 Qh5 13. Qe2 a6 14. Rad1 b5 15. a3 b4 16. axb4 Nxb4 17. Bg5 Bb5 18. Qd2 Nc6 19. Bxf6 Bxf6 20. Nd5 Ne5 21. Nxf6+ exf6 22. Nd4 Bd7 23. Ra1 Bb5 24. Bd5 Bc4 25. b3 Bxd5 26. exd5 Ra8 27. f4 Nd7 28. Re7 Nb6 29. c4 f5 30. Rb7 Nc8 31. Nc6 Qh4 32. Re1 Qg3 33. b4 Qb3 34. Qd4 a5 35. Qf6 1-0

[Event "Toronto int."]
[Site "Toronto CAN"]
[Date "2012.07.18"]
[Round "5"]
[White "Southam, David"]
[Black "Campbell, Brett"]
[Result "1/2-1/2"]
[WhiteElo "2220"]
[BlackElo "2251"]
[PlyCount "75"]
[GameId "2160767909442462"]
[EventDate "2012.07.15"]
[EventType "swiss"]
[EventRounds "7"]
[EventCountry "CAN"]
[SourceTitle "EXT 2022"]
[Source "ChessBase"]
[SourceDate "2021.10.06"]
[SourceVersion "1"]
[SourceVersionDate "2021.10.06"]
[SourceQuality "1"]

1. d4 g6 2. c4 Bg7 3. e4 d6 4. Nc3 Nd7 5. Nf3 e5 6. Be2 Ngf6 7. O-O O-O 8. Re1 c6 9. Bf1 a5 10. h3 Re8 11. Rb1 b6 12. a3 Bb7 13. Bg5 h6 14. Bh4 Qb8 15. d5 c5 16. Bg3 Ba6 17. Nd2 Rf8 18. Bd3 Nh5 19. Bh2 Qd8 20. g3 Bf6 21. Nf1 Ng7 22. Qc2 Bc8 23. Ne3 Nb8 24. g4 Bg5 25. Ng2 h5 26. f3 Na6 27. Nb5 hxg4 28. hxg4 Nc7 29. Nxc7 Qxc7 30. Kh1 Kh7 31. Ne3 Rh8 32. Kg2 Bd7 33. Qe2 a4 34. Rh1 Kg8 35. Bg3 Rxh1 36. Rxh1 Ne8 37. Qf2 Qd8 38. Nd1 1/2-1/2

[Event "Toronto int."]
[Site "Toronto CAN"]
[Date "2012.07.19"]
[Round "6"]
[White "Birarov, Vladimir"]
[Black "Martchenko, Alexander"]
[Result "1-0"]
[WhiteElo "2264"]
[BlackElo "2412"]
[PlyCount "79"]
[GameId "2160767909442463"]
[EventDate "2012.07.15"]
[EventType "swiss"]
[EventRounds "7"]
[EventCountry "CAN"]
[SourceTitle "EXT 2022"]
[Source "ChessBase"]
[SourceDate "2021.10.06"]
[SourceVersion "1"]
[SourceVersionDate "2021.10.06"]
[SourceQuality "1"]

1. d4 d5 2. Nf3 Nf6 3. c4 e6 4. g3 c6 5. Bg2 Nbd7 6. O-O Be7 7. Nbd2 O-O 8. Qc2 b6 9. e4 Ba6 10. Rd1 Rc8 11. b3 c5 12. exd5 exd5 13. Bb2 b5 14. cxd5 Nxd5 15. Qf5 N5f6 16. Ne5 Nxe5 17. dxe5 Qd7 18. Bh3 Qxf5 19. Bxf5 Nd5 20. Bxc8 Rxc8 21. a4 b4 22. Ne4 Bb7 23. Rac1 Nf4 24. gxf4 Bxe4 25. Rd7 Kf8 26. Rxa7 Bd5 27. a5 Bxb3 28. Rb7 Bd5 29. Rxb4 Ra8 30. Rb6 Bd8 31. Rd6 Be6 32. a6 Be7 33. Rb6 Bd8 34. Rc6 Be7 35. Ba3 c4 36. Bxe7+ Kxe7 37. Rb1 Bd5 38. Rc5 Be4 39. Rb6 Rd8 40. Rc7+ 1-0

[Event "Toronto int."]
[Site "Toronto CAN"]
[Date "2012.07.19"]
[Round "6"]
[White "Gerzhoy, Leonid"]
[Black "Plotkin, Victor"]
[Result "1-0"]
[WhiteElo "2459"]
[BlackElo "2411"]
[PlyCount "63"]
[GameId "2160767909442464"]
[EventDate "2012.07.15"]
[EventType "swiss"]
[EventRounds "7"]
[EventCountry "CAN"]
[SourceTitle "EXT 2022"]
[Source "ChessBase"]
[SourceDate "2021.10.06"]
[SourceVersion "1"]
[SourceVersionDate "2021.10.06"]
[SourceQuality "1"]

1. d4 d6 2. Nf3 Nf6 3. c4 Nbd7 4. Nc3 e5 5. e4 Be7 6. Be2 O-O 7. O-O c6 8. Be3 Qc7 9. d5 g6 10. Ne1 Ne8 11. Nd3 Ng7 12. f4 f6 13. fxe5 fxe5 14. Rxf8+ Nxf8 15. c5 dxc5 16. Nxc5 Bxc5 17. Bxc5 cxd5 18. b4 d4 19. Nd5 Qf7 20. Qb3 Be6 21. Rf1 Bxd5 22. exd5 Qd7 23. Bxf8 Rxf8 24. d6+ Ne6 25. Rxf8+ Kxf8 26. Bg4 Kf7 27. Qf3+ Kg7 28. Bxe6 Qxe6 29. Qxb7+ Kf6 30. Qc7 Qxa2 31. h3 Qa1+ 32. Kh2 1-0

[Event "Toronto int."]
[Site "Toronto CAN"]
[Date "2012.07.19"]
[Round "6"]
[White "Ivanov, Mike"]
[Black "Yee, Lorne"]
[Result "1-0"]
[WhiteElo "2257"]
[BlackElo "2282"]
[PlyCount "71"]
[GameId "2160767909442465"]
[EventDate "2012.07.15"]
[EventType "swiss"]
[EventRounds "7"]
[EventCountry "CAN"]
[SourceTitle "EXT 2022"]
[Source "ChessBase"]
[SourceDate "2021.10.06"]
[SourceVersion "1"]
[SourceVersionDate "2021.10.06"]
[SourceQuality "1"]

1. d4 d5 2. Nf3 Nf6 3. b3 Bf5 4. Bb2 e6 5. Nbd2 Nbd7 6. Nh4 Bg4 7. h3 Bh5 8. g4 Ne4 9. Nxe4 Qxh4 10. Ng3 Bg6 11. e3 Bd6 12. Rg1 O-O 13. Bd3 Rae8 14. f4 f6 15. Bxg6 hxg6 16. Qf3 c6 17. O-O-O e5 18. dxe5 fxe5 19. Rxd5 cxd5 20. Qxd5+ Rf7 21. Qxd6 exf4 22. exf4 Qe7 23. Qxe7 Rexe7 24. f5 g5 25. Bd4 b6 26. Bc3 Nf6 27. Bd2 Nh7 28. Rh1 Rf6 29. h4 Rh6 30. Nh5 Re4 31. hxg5 Rc6 32. g6 Nf6 33. Nxf6+ Rxf6 34. Bc3 Rc6 35. Rd1 Re8 36. Bb2 1-0

[Event "Toronto int."]
[Site "Toronto CAN"]
[Date "2012.07.19"]
[Round "6"]
[White "Preotu, Razvan"]
[Black "Noritsyn, Nikolay"]
[Result "0-1"]
[WhiteElo "2291"]
[BlackElo "2460"]
[PlyCount "64"]
[GameId "2160767909442466"]
[EventDate "2012.07.15"]
[EventType "swiss"]
[EventRounds "7"]
[EventCountry "CAN"]
[SourceTitle "EXT 2022"]
[Source "ChessBase"]
[SourceDate "2021.10.06"]
[SourceVersion "1"]
[SourceVersionDate "2021.10.06"]
[SourceQuality "1"]

1. e4 b6 2. d4 e6 3. Bd3 Bb7 4. Ne2 c5 5. c3 Nf6 6. e5 Nd5 7. O-O cxd4 8. cxd4 d6 9. f4 Nc6 10. Nbc3 Nxc3 11. bxc3 Be7 12. Ng3 Qd7 13. Qe2 O-O-O 14. exd6 Qxd6 15. Ne4 Qd5 16. Be3 h6 17. Nd2 Kb8 18. a4 Na5 19. Rfb1 Qc6 20. Nb3 Qxc3 21. Nxa5 Qxa5 22. Rb5 Qc3 23. Rc1 Qa3 24. Rcb1 Qxa4 25. d5 Rxd5 26. Rxd5 Bxd5 27. Bxb6 axb6 28. Rxb6+ Kc7 29. Rb1 Bc5+ 30. Kh1 Qxf4 31. Rf1 Qe3 32. Rxf7+ Kd6 0-1